书目信息 |
| 题名: |
斯大林全集介绍
|
|
| 作者: | 流水 , 求是 辑译 | |
| 分册: | ||
| 出版信息: | 北京 三联书店 1953 |
|
| 页数: | 235页 | |
| 开本: | 20cm | |
| 丛书名: | ||
| 单 册: | ||
| 中图分类: | A833 | |
| 科图分类: | ||
| 主题词: | 斯大林著作--内容提要 | |
| 电子资源: | ||
| ISBN: | 7,300元(旧币) | |
| 000 | 00649cam0 2200241 450 | |
| 001 | 0105401400 | |
| 005 | 20060905100914.0 | |
| 010 | @a7,300元(旧币)@dCNY0.73 | |
| 091 | @a7,300元(旧币) | |
| 100 | @a19977024d1953 emky0chiy0110 ea | |
| 101 | 1 | @achi |
| 102 | @aCN@b110000 | |
| 105 | @ay z 000yy | |
| 106 | @ar | |
| 200 | 1 | @a斯大林全集介绍@9Si Da;Dai Lin Quan Ji Jie Shao @f流水,求是辑译@b专著 |
| 210 | @a北京@c三联书店@d1953 | |
| 215 | @a235页@d20cm | |
| 606 | 0 | @a斯大林著作@x内容提要 |
| 690 | @aA833@v3 | |
| 701 | 0 | @a流水@9liu shui@4辑译 |
| 701 | 0 | @a求是@9qiu shi@4辑译 |
| 801 | 0 | @aCN@bAiZhiMarc |
| 905 | @aBZT@dA833@e1@f2@sA833/1 | |
| 斯大林全集介绍/流水,求是辑译.-北京:三联书店,1953 |
| 235页;20cm |
| ISBN 7,300元(旧币):CNY0.73 |
| ● |
| 相关链接 |
|
|
|
正题名:斯大林全集介绍
索取号:A833/1
 
预约/预借
| 序号 | 登录号 | 条形码 | 馆藏地/架位号 | 状态 | 备注 |
| 1 | 2000119405 | 2000119405 | 旧书回溯/ [索取号:A833/1] | 在馆 | |
| 2 | 2000119406 | 2000119406 | 旧书回溯/ [索取号:A833/1] | 在馆 |